000 00368 a2200169 4500
001 186896
020 _a
040 _cMagnum
100 _aCoelho, Ronaldo Simões
240 1 0 _aOlho verde, olho azul
_lpor
245 1 0 _aOlho verde, olho azul
300 _a16
362 0 _a1997
440 1 _aArmazém de Idéias
697 _aLITERATURA INFANTO
942 _cBK
999 _c186896
_d186896